| 000 | 00523nab a2200133 4500 | ||
|---|---|---|---|
| 003 | ES-SlBC | ||
| 005 | 20220625200733.0 | ||
| 008 | 131001s2012 sp ||||| |||| 00| 0 spa d | ||
| 040 |
_aES-SlBC _bspa |
||
| 100 | 1 |
_aCarriedo Tejedo, Manuel _967731 |
|
| 245 | 1 | 0 | _aDocumentos relativos al "armiger regis" durante los reinados de Alfonso V y Vermudo III (999-1037) |
| 773 | 0 |
_gVol. 57, Nº. 3-4, 2012 , págs. 155-203 _tCompostellanum: Revista de la Archidiócesis de Santiago de Compostela _wRev130 _x0573-2018 |
|
| 942 |
_2lcc _cAR |
||
| 999 |
_c447546 _d447546 |
||